Southville International School and Colleges
Your cart is empty.
  • Cart
  • Lists
    Public lists Eva Luna New books Lux_list list_1
    Your lists Log in to create your own lists
  • Log in to your account
  • Your cookies
  • Search history
Southville International School and Colleges
  • Advanced search
  • Recent comments
  • Most popular
  • Libraries

Log in to your account

Log in with GOOGLE


If you do not have an external account, but do have a local account, you can still log in:

  1. Home
  2. MARC view: Israel & Palestine the roots of conflict ;
Normal view MARC view ISBD view

Israel & Palestine the roots of conflict ; (Record no. 292426)

[ view plain ]
MARC details
000 -LEADER
fixed length control field 00795nam a2200241Ia 4500
008 - FIXED-LENGTH DATA ELEMENTS--GENERAL INFORMATION
fixed length control field 160319s9999 xx 000 0 und d
245 ## - TITLE STATEMENT
Title Israel & Palestine the roots of conflict ;
245 ## - TITLE STATEMENT
Remainder of title the fight for peace /
245 ## - TITLE STATEMENT
Statement of responsibility, etc Discovery Channel School.
260 ## - PUBLICATION, DISTRIBUTION, ETC. (IMPRINT)
Place of publication, distribution, etc Philippines:
260 ## - PUBLICATION, DISTRIBUTION, ETC. (IMPRINT)
Name of publisher, distributor, etc Distributed by Magnavision Home Video/Discovery Communications, Inc.
260 ## - PUBLICATION, DISTRIBUTION, ETC. (IMPRINT)
Date of publication, distribution, etc 2004
300 ## - PHYSICAL DESCRIPTION
Extent 2 videodiscs (approximately 104 minutes) :
300 ## - PHYSICAL DESCRIPTION
Other physical details digital, sound, color ;
300 ## - PHYSICAL DESCRIPTION
Dimensions 4 3/4 in.
440 ## - SERIES STATEMENT/ADDED ENTRY--TITLE
Title Discovery Channel School.
650 ## - SUBJECT ADDED ENTRY--TOPICAL TERM
Topical term or geographic name as entry element Arab-Israeli conflict --
650 ## - SUBJECT ADDED ENTRY--TOPICAL TERM
Topical term or geographic name as entry element Jewish-Arab relations --
650 ## - SUBJECT ADDED ENTRY--TOPICAL TERM
General subdivision Juvenile literature.
650 ## - SUBJECT ADDED ENTRY--TOPICAL TERM
General subdivision Juvenile literature.
700 ## - ADDED ENTRY--PERSONAL NAME
Personal name Fight for peace, Title.
700 ## - ADDED ENTRY--PERSONAL NAME
Personal name Roots of conflict, title.
Holdings
Withdrawn status Lost status Damaged status Home library Current library Date acquired Total Checkouts Barcode Date last seen Price effective from Koha item type
      Stonyhurst Southville International School (Batangas) Stonyhurst Southville International School (Batangas) 03/19/2016   AV-029 03/19/2016 03/19/2016 Audio Visual Materials

Israel & Palestine the roots of conflict ;

APA

Fight for peace T., Roots of conflict t., .Israel & Palestine the roots of conflict. Philippines: .

Chicago

Fight for peace Title, Roots of conflict title, .Israel & Palestine the roots of conflict. Philippines: .

Harvard

Fight for peace T., Roots of conflict t., .Israel & Palestine the roots of conflict. Philippines: .

MLA

Fight for peace Title, Roots of conflict title, .Philippines: . .

  • Place hold
  • Print
  • Cite
  • Add to your cart (remove)
  • Save record
    BIBTEX Dublin Core MARCXML MARC (non-Unicode/MARC-8) MARC (Unicode/UTF-8) MARC (Unicode/UTF-8, Standard) MODS (XML) RIS
  • More searches
    Search for this title in:
    Other Libraries (WorldCat) Other Databases (Google Scholar) Online Stores (Bookfinder.com) Open Library (openlibrary.org)

Exporting to Dublin Core...

SOUTHVILLE LIBRARY

Southville International School and Colleges Library

1281 Tropical Ave. Cor. Luxembourg St., BF Homes International, Las Pinas City

Tel. No. 8256374 / 252358 Loc. 117/146

Powered by Koha